Caracterización Hidrogeológica En Los Acuíferos De La Región De Cotuí Y Su Relación Con La Cuenca De La Presa De Hatillo. / (Registro nro. 24181)

Detalles MARC
000 -LEADER
fixed length control field 03295nam a22002897a 4500
003 - CONTROL NUMBER IDENTIFIER
control field DO-CoUTE
005 - DATE AND TIME OF LATEST TRANSACTION
control field 20260511142752.0
008 - FIXED-LENGTH DATA ELEMENTS--GENERAL INFORMATION
fixed length control field 260511b dr ||||| |||| 00| 0 spa d
040 ## - CATALOGING SOURCE
Original cataloging agency DO-CoUTE
Language of cataloging spa
Transcribing agency DO-CoUTE
041 ## - LANGUAGE CODE
Language code of text/sound track or separate title spa
092 ## - LOCALLY ASSIGNED DEWEY CALL NUMBER (OCLC)
Classification number GEO 2026 A17
100 1# - MAIN ENTRY--PERSONAL NAME
Personal name Abreu Henríquez, Gianibel
Relator term Sustentante
245 10 - TITLE STATEMENT
Title Caracterización Hidrogeológica En Los Acuíferos De La Región De Cotuí Y Su Relación Con La Cuenca De La Presa De Hatillo. /
Statement of responsibility, etc. Gianibel Abreu Henríquez, Rowen Rafael Reyes Pérez, Erica Fransheyra De La Cruz, Eduard Ynmanol Martínez Vásquez ; Asesor, Pedro José Luis Aquino
260 ## - PUBLICATION, DISTRIBUTION, ETC.
Place of publication, distribution, etc. Cotuí, República Dominicana ;
Name of publisher, distributor, etc. UTECO,
Date of publication, distribution, etc. 2026
300 ## - PHYSICAL DESCRIPTION
Extent 65 Hojas :
Other physical details Imágenes ;
Dimensions 23cm,
Accompanying material + 1 CD-ROM
502 ## - DISSERTATION NOTE
Dissertation note Trabajo de Grado (Ingeniero Civil) Universidad Tecnológica del Cibao Oriental, 2026.<br/>
504 ## - BIBLIOGRAPHY, ETC. NOTE
Bibliography, etc. note Incluye referencia bibliográfica e índice.<br/>
520 ## - SUMMARY, ETC.
Summary, etc. La presente propuesta tuvo como objetivo principal desarrollar un plan de gestión integral<br/>y sostenible para los acuíferos de la región de Cotuí, que contribuya a disminuir su<br/>vulnerabilidad ante riesgos ambientales, especialmente los derivados de actividades<br/>extractivas, expansión urbana y falta de monitoreo. La propuesta responde a los resultados<br/>del diagnóstico realizado previamente y a la necesidad urgente de implementar medidas<br/>de protección y uso racional de los recursos hídricos subterráneos en la zona. El enfoque<br/>adoptado combina la investigación hidrogeológica, la educación ambiental, la<br/>participación comunitaria y el fortalecimiento institucional. Se plantea implementar una<br/>red de monitoreo de los acuíferos, promover acciones de conservación en las zonas de<br/>recarga y fomentar la corresponsabilidad de todos los actores involucrados, incluyendo la<br/>empresa minera, las autoridades locales y la población. Después de una investigación<br/>exhaustiva sobre evaluar las características hidrológicas en los acuíferos en la región de<br/>Cotuí y determinar su relación hidrogeológica con el embalse de la Presa de Hatillo, con<br/>el propósito de generar información técnica que contribuya a la planificación hídrica<br/>sostenible”, se llegó a las siguientes conclusiones. Se discutieron las propiedades físicas e<br/>hidráulicas de los acuíferos primarios en Cotuí basándose en cambios en la captación de<br/>agua, puntos de posición y capacidad de almacenamiento. <br/><br/>Se evaluaron las condiciones de recarga y descarga de los acuíferos, su infiltración<br/>efectiva, flujos subterráneos y áreas de conexión potencial con el embalse de Hatillo. Se<br/>evaluaron los efectos hidrodinámicos que el embalse de Hatillo tiene sobre los acuíferos<br/>circundantes a través de análisis piezométricos, estudios comparativos y la generación de<br/>un modelo hidrogeológico conceptual.
650 #4 - SUBJECT ADDED ENTRY--TOPICAL TERM
Topical term or geographic name entry element Hidrogeológica en los acuíferos
700 1# - ADDED ENTRY--PERSONAL NAME
Personal name Gianibel Abreu Henríquez
Relator term Sustentante
700 1# - ADDED ENTRY--PERSONAL NAME
Personal name Rowen Rafael Reyes Pérez
Relator term Sustentante
700 1# - ADDED ENTRY--PERSONAL NAME
Personal name Erica Fransheyra De La Cruz
Relator term Sustentante
700 1# - ADDED ENTRY--PERSONAL NAME
Personal name Pedro José Luis Aquino
Relator term Asesor
830 ## - SERIES ADDED ENTRY--UNIFORM TITLE
Uniform title Tesis y disertaciones académicas (Universidad Tecnológica del Cibao Oriental)
856 ## - ELECTRONIC LOCATION AND ACCESS
Link text Haga Click Aquí para Descargar en Texto Completo
942 ## - ADDED ENTRY ELEMENTS (KOHA)
Source of classification or shelving scheme Dewey Decimal Classification
Koha item type Tesis
Existencias
Withdrawn status Lost status Source of classification or shelving scheme Damaged status Not for loan Collection code Home library Current library Shelving location Date acquired Inventory number Total Checkouts Full call number Barcode Date last seen Copy number Price effective from Koha item type
    Dewey Decimal Classification     e-Tesis (en CD) Biblioteca UTECO Biblioteca UTECO En Estantería 05/11/2026 24181   GEO 2026 A17 24181 05/11/2026 Ej.1 05/11/2026 Tesis
© 2021 Derechos Reservados UTECO - Teléfono: +1 809-585-2291 - Correo electrónico: biblioteca@uteco.edu.do​  
Código postal 43000 ​​
Dirección: Avenida Universitaria No. 100, 
Cotuí, Provincia Sánchez Ramírez, República Dominicana - RNC: 404-00059-6